| 000 | 01195nam a2200253 a 4500 | ||
|---|---|---|---|
| 001 | 000989561 | ||
| 003 | AM-YeHGA | ||
| 005 | 20250617162349.0 | ||
| 008 | 131025s1944 ||||||||r|||||000|0|rus|d | ||
| 040 | _aAM-YeHGA | ||
| 041 | 0 | _arus | |
| 245 | 0 | 0 |
_aФитонциды : _bНаучные исследования, доложенные на конференции по проблемам антисептиков биологического происхождения (Томск, 14-15 февраля 1944 г.) / _c[Отв. ред. А. Заварзин]. |
| 260 |
_aТомск : _bКрасное Знамя, _c1944. |
||
| 300 |
_a284 с. : _bил., табл. ; _c22 см. |
||
| 504 | _aБиблиогр. в конце ст. | ||
| 650 | 1 | 4 | _aКонференции |
| 650 | 1 | 4 | _aЛекарственные растения |
| 650 | 1 | 4 | _aАнтисептики |
| 650 | 1 | 4 | _aФитотерапия |
| 650 | 1 | 4 | _aНаучные исследования |
| 700 | 1 |
_aЗаварзин, А. _eред. _4edt |
|
| 711 | 2 |
_aКонференция по проблемам антисептиков биологического происхождения _d(1944 ; _cТомск) |
|
| 090 | _c491505 | ||
| 999 |
_c488136 _d488136 |
||